« There is no God and we are his prophets » : le spectre du sens dans The Road, de Cormac McCarthy (notice n° 1650527)

détails MARC
000 -LEADER
fixed length control field 01193cam a2200241 4500500
005 - DATE AND TIME OF LATEST TRANSACTION
control field 20260208005107.0
041 ## - LANGUAGE CODE
Language code of text/sound track or separate title fre
042 ## - AUTHENTICATION CODE
Authentication code dc
100 10 - MAIN ENTRY--PERSONAL NAME
Personal name Bauer, Sylvie
Relator term author
245 00 - TITLE STATEMENT
Title « There is no God and we are his prophets » : le spectre du sens dans The Road, de Cormac McCarthy
260 ## - PUBLICATION, DISTRIBUTION, ETC.
Date of publication, distribution, etc. 2016.<br/>
500 ## - GENERAL NOTE
General note 9
520 ## - SUMMARY, ETC.
Summary, etc. The Road, by Cormac McCarthy, provides the reader with a post-Apocalyptic landscape in which words no longer correspond to any reality whatsoever. The anonymous father and son traveling along the road are akin to godless prophets bound to keep on yet with no hope for a future. This article aims at analyzing the way meaning emerges in this wasteland, in spite of the inadequacy of language and of the seeming lack of transcendence.
690 ## - LOCAL SUBJECT ADDED ENTRY--TOPICAL TERM (OCLC, RLIN)
Topical term or geographic name as entry element Cormac McCarthy
690 ## - LOCAL SUBJECT ADDED ENTRY--TOPICAL TERM (OCLC, RLIN)
Topical term or geographic name as entry element immatériel
690 ## - LOCAL SUBJECT ADDED ENTRY--TOPICAL TERM (OCLC, RLIN)
Topical term or geographic name as entry element langage
690 ## - LOCAL SUBJECT ADDED ENTRY--TOPICAL TERM (OCLC, RLIN)
Topical term or geographic name as entry element religion
690 ## - LOCAL SUBJECT ADDED ENTRY--TOPICAL TERM (OCLC, RLIN)
Topical term or geographic name as entry element sens
690 ## - LOCAL SUBJECT ADDED ENTRY--TOPICAL TERM (OCLC, RLIN)
Topical term or geographic name as entry element substance
690 ## - LOCAL SUBJECT ADDED ENTRY--TOPICAL TERM (OCLC, RLIN)
Topical term or geographic name as entry element transcendance
786 0# - DATA SOURCE ENTRY
Note Revue française d’études américaines | 143 | 2 | 2016-01-04 | p. 96-105 | 0397-7870
856 41 - ELECTRONIC LOCATION AND ACCESS
Uniform Resource Identifier <a href="https://shs.cairn.info/revue-francaise-d-etudes-americaines-2015-2-page-96?lang=fr&redirect-ssocas=7080">https://shs.cairn.info/revue-francaise-d-etudes-americaines-2015-2-page-96?lang=fr&redirect-ssocas=7080</a>

Pas d'exemplaire disponible.

PLUDOC

PLUDOC est la plateforme unique et centralisée de gestion des bibliothèques physiques et numériques de Guinée administré par le CEDUST. Elle est la plus grande base de données de ressources documentaires pour les Étudiants, Enseignants chercheurs et Chercheurs de Guinée.

Adresse

627 919 101/664 919 101

25 boulevard du commerce
Kaloum, Conakry, Guinée

Réseaux sociaux

Powered by Netsen Group @ 2025